000 00497nam a2200193 a 4500
001 1770804466341
003 YourLibrary
005 20260211154105.0
008 260211s2006##################000#0#eng##
020 _a9780774812894
082 0 4 _a333.95416
_bLOO
100 1 _aLoo, Tina,
_eauthor.
245 1 0 _aStates of Nature :
260 _bUniversity of Washington Press,
_c2006.
300 _a280 pages
650 0 _aHistory.
942 _cENGLISH
040 _aYourLibrary
_beng
_cYourLibrary
999 _c611739
_d611739